<?xml version="1.0" encoding="UTF-8"?>
<record
    xmlns:xsi="http://www.w3.org/2001/XMLSchema-instance"
    xsi:schemaLocation="http://www.loc.gov/MARC21/slim http://www.loc.gov/standards/marcxml/schema/MARC21slim.xsd"
    xmlns="http://www.loc.gov/MARC21/slim">

  <leader>02524nam a2200289   4500</leader>
  <controlfield tag="001">113468</controlfield>
  <controlfield tag="003">DR-UNIBE</controlfield>
  <controlfield tag="005">20250428142616.0</controlfield>
  <controlfield tag="008">250422b2024    dr ||||| |||| 00| 0 spa d</controlfield>
  <datafield tag="040" ind1=" " ind2=" ">
    <subfield code="a">BIBLIOTECA UNIBE</subfield>
    <subfield code="c">BIBLIOTECA UNIBE</subfield>
  </datafield>
  <datafield tag="041" ind1=" " ind2=" ">
    <subfield code="a">spa</subfield>
  </datafield>
  <datafield tag="082" ind1=" " ind2=" ">
    <subfield code="2">22</subfield>
    <subfield code="a">RD 972.93054 R454 </subfield>
  </datafield>
  <datafield tag="245" ind1="1" ind2="3">
    <subfield code="a">La revoluci&#xF3;n de abril de 1965 en el peri&#xF3;dico PATRIA </subfield>
    <subfield code="c">editor : Alejandro Paulino Ramos ; diagramaci&#xF3;n : Eric Sim&#xF3; y Harold Fr&#xED;as Maggiolo ; dise&#xF1;o de cubierta : Harold Fr&#xED;as Maggiolo</subfield>
  </datafield>
  <datafield tag="250" ind1=" " ind2=" ">
    <subfield code="a">Primera edici&#xF3;n</subfield>
  </datafield>
  <datafield tag="260" ind1=" " ind2=" ">
    <subfield code="a">Santo Domingo : </subfield>
    <subfield code="b">Archivo General de la Naci&#xF3;n (AGN), </subfield>
    <subfield code="c">2024</subfield>
  </datafield>
  <datafield tag="300" ind1=" " ind2=" ">
    <subfield code="a">473 p&#xE1;ginas : </subfield>
    <subfield code="b">fotos b/n;</subfield>
    <subfield code="c">25 x 17 cm</subfield>
  </datafield>
  <datafield tag="490" ind1=" " ind2=" ">
    <subfield code="a"> Archivo General de la Naci&#xF3;n ;</subfield>
    <subfield code="v">525</subfield>
  </datafield>
  <datafield tag="500" ind1=" " ind2=" ">
    <subfield code="a">Informaci&#xF3;n sobre el editor en las solapas. Cubierta: fotograf&#xED;a retocada con IA, coronel Francisco A. Caama&#xF1;o y l&#xED;deres de la Revoluci&#xF3;n de Abril, colecci&#xF3;n de Milvio P&#xE9;rez-AGN. Contraportada: portada del peri&#xF3;dico Patria No,18, del 11 de junio de 1965</subfield>
  </datafield>
  <datafield tag="505" ind1=" " ind2=" ">
    <subfield code="a">Presentaci&#xF3;n |
Editoriales del Peri&#xF3;dico Patria |
Testimonios de la guerra |
 Caama&#xF1;o y el gobierno constitucionalista | 
Militares constitucionalistas |
Intervenci&#xF3;n militar extranjera |
La OEA, la ONU y la Guerra de Abril |
Comandos constitucionales |
Literatura y Cultura / Poemas patri&#xF3;ticos |
P&#xE1;gina literaria |
Relatos |
Art&#xED;culos y opiniones |
Peri&#xF3;dicos y revoluci&#xF3;n |
La guerra en los pueblos |
H&#xE9;roes y m&#xE1;rtires de la guerra |
Partidos Pol&#xED;ticos en la Revoluci&#xF3;n / Movimiento Popular Dominicano |
Movimiento Revolucionario 14 de Junio |
Partido Reformista |
Partido Revolucionario Dominicano |
Partido Revolucionario Social Cristiano |
Partido Socialista Popular y Partido Comunista Dominicano |
Asociaciones y sindicatos |
M&#xED;tines y reuniones p&#xFA;blicas |
Negociaciones en la guerra |
Gobierno de H&#xE9;ctor Garc&#xED;a Godoy |
Combatientes regresan a loa pueblos |
&#xCD;ndice onom&#xE1;stico |
Galer&#xED;a de fotos </subfield>
  </datafield>
  <datafield tag="650" ind1=" " ind2="7">
    <subfield code="2">lemb</subfield>
    <subfield code="a">Peri&#xF3;dico Patria </subfield>
    <subfield code="x">Revoluci&#xF3;n de Abril de 1965</subfield>
    <subfield code="x"> Art&#xED;culos</subfield>
    <subfield code="9">194629</subfield>
  </datafield>
  <datafield tag="651" ind1=" " ind2="7">
    <subfield code="2">lemb</subfield>
    <subfield code="a">Rep&#xFA;blica Dominicana </subfield>
    <subfield code="x">Historia</subfield>
    <subfield code="x">Revoluci&#xF3;n de Abril de 1965</subfield>
    <subfield code="9">194504</subfield>
  </datafield>
  <datafield tag="651" ind1=" " ind2="7">
    <subfield code="a">Rep&#xFA;blica Dominicana</subfield>
    <subfield code="x">Revoluci&#xF3;n de Abril 1965</subfield>
    <subfield code="x">Art&#xED;culos period&#xED;sticos</subfield>
    <subfield code="9">194505</subfield>
  </datafield>
  <datafield tag="700" ind1="1" ind2="0">
    <subfield code="a">Paulino Ramos, Alejandro, </subfield>
    <subfield code="d">1951 -</subfield>
    <subfield code="9">47924</subfield>
    <subfield code="e">cuidado de la edici&#xF3;n</subfield>
  </datafield>
  <datafield tag="700" ind1="1" ind2="0">
    <subfield code="a">Sim&#xF3;, Eric</subfield>
    <subfield code="9">31870</subfield>
    <subfield code="e">diagramador</subfield>
  </datafield>
  <datafield tag="700" ind1="1" ind2="0">
    <subfield code="a">Fr&#xED;as Maggiolo, Harold</subfield>
    <subfield code="q">(Fr&#xED;as Maggiolo, Harold Marcelino)</subfield>
    <subfield code="e">diagramador</subfield>
    <subfield code="e">dise&#xF1;ador de cubierta</subfield>
    <subfield code="9">146756</subfield>
  </datafield>
  <datafield tag="942" ind1=" " ind2=" ">
    <subfield code="2">ddc</subfield>
    <subfield code="c">BK</subfield>
  </datafield>
  <datafield tag="999" ind1=" " ind2=" ">
    <subfield code="c">113468</subfield>
    <subfield code="d">113468</subfield>
  </datafield>
  <datafield tag="952" ind1=" " ind2=" ">
    <subfield code="0">0</subfield>
    <subfield code="1">0</subfield>
    <subfield code="2">ddc</subfield>
    <subfield code="7">0</subfield>
    <subfield code="8">GEN-RD</subfield>
    <subfield code="a">Principal</subfield>
    <subfield code="d">2025-04-28</subfield>
    <subfield code="l">0</subfield>
    <subfield code="o">RD 972.93054 R454 </subfield>
    <subfield code="p">250464</subfield>
    <subfield code="r">2025-04-22 11:50:47</subfield>
    <subfield code="t">Ej. 1</subfield>
    <subfield code="w">2025-04-22</subfield>
    <subfield code="y">BK</subfield>
  </datafield>
  <datafield tag="952" ind1=" " ind2=" ">
    <subfield code="0">0</subfield>
    <subfield code="1">0</subfield>
    <subfield code="2">ddc</subfield>
    <subfield code="7">0</subfield>
    <subfield code="8">GEN-RD</subfield>
    <subfield code="a">Principal</subfield>
    <subfield code="d">2025-04-28</subfield>
    <subfield code="l">0</subfield>
    <subfield code="o">RD 972.93054 R454 </subfield>
    <subfield code="p">250465</subfield>
    <subfield code="r">2025-04-22 11:50:47</subfield>
    <subfield code="t">Ej. 2</subfield>
    <subfield code="w">2025-04-22</subfield>
    <subfield code="y">BK</subfield>
  </datafield>
</record>
